<?xml version="1.0" encoding="UTF-8"?>
<record
    xmlns:xsi="http://www.w3.org/2001/XMLSchema-instance"
    xsi:schemaLocation="http://www.loc.gov/MARC21/slim http://www.loc.gov/standards/marcxml/schema/MARC21slim.xsd"
    xmlns="http://www.loc.gov/MARC21/slim">

  <leader>02391nam a22002297a 4500</leader>
  <controlfield tag="005">20250506114703.0</controlfield>
  <controlfield tag="008">250428b        |||||||| |||| 00| 0 eng d</controlfield>
  <datafield tag="020" ind1=" " ind2=" ">
    <subfield code="a">9789391820480</subfield>
  </datafield>
  <datafield tag="040" ind1=" " ind2=" ">
    <subfield code="c">AIMIT LIBRARY</subfield>
  </datafield>
  <datafield tag="082" ind1=" " ind2=" ">
    <subfield code="2">1</subfield>
    <subfield code="a">658.15</subfield>
    <subfield code="b">RUSR</subfield>
  </datafield>
  <datafield tag="100" ind1=" " ind2=" ">
    <subfield code="a">Rustagi, R P.</subfield>
    <subfield code="9">208997</subfield>
  </datafield>
  <datafield tag="245" ind1=" " ind2=" ">
    <subfield code="a">Basic financial management /</subfield>
    <subfield code="c">By R P Rustagi.</subfield>
  </datafield>
  <datafield tag="250" ind1=" " ind2=" ">
    <subfield code="a">1st ed.</subfield>
  </datafield>
  <datafield tag="260" ind1=" " ind2=" ">
    <subfield code="a">New Delhi :</subfield>
    <subfield code="b">Sultan Chand &amp; Sons ,</subfield>
    <subfield code="c">2023.</subfield>
  </datafield>
  <datafield tag="300" ind1=" " ind2=" ">
    <subfield code="a">xiv,440p. ;</subfield>
    <subfield code="b">PB</subfield>
    <subfield code="c">24.7 cm</subfield>
  </datafield>
  <datafield tag="500" ind1=" " ind2=" ">
    <subfield code="a">About The Book

Basic Financial Management has been prepared to meet the requirements of students taking B.Com. of University of Delhi. The Scope of financial decision making has substantially widened with new concepts appearing on the horizon. Consistent with the objective, the book presents an analytical framework of the related subject-matter. Numerical examples and illustrations have been used extensively to explain the application of different concepts.


Salient Features

Comprehensive and systematic coverage and analytical presentation of the subject matter. 

Chapter Theme and Chapter Plan in the beginning of each chapter to give the bird's eyeview of the contents of that chapter.

Objective Type Questions (with answers) given at the end of each chapter.

Sufficient examples and solved illustrations/problems given at appropriate places.

Extensive use of Charts, Graphs and Diagrams.</subfield>
  </datafield>
  <datafield tag="505" ind1=" " ind2=" ">
    <subfield code="a">
Contents :

Unit One: Financial Management: An Overview
Financial Management &#x2013; An Introduction
Time Value of Money
Unit Two: Capital Budgeting Decisions
Capital Budgeting &#x2013; An Introduction
Capital Budgeting &#x2013; Techniques of Evaluation
Unit Three: Cost of Capital and Financing Decision
Cost of Capital
Leverage Analysis
EBIT-EPS Analysis
Leverage, Cost of Capital and Value of the firm
Factors of Capital Structure 
Unit Four: Dividend Decision
Dividend Decision and Valuation of the Firm
Dividend Policy: Determinants and Constraints
Unit Five: Working Capital Management
Introduction to Working Capital 
Working Capital: Estimation and Calculations
Management of Cash
Receivables Management
Inventory Management
Apendix&#x2013;I
Apendix&#x2013;II</subfield>
    <subfield code="r">Rustagi RP (Dr.)</subfield>
  </datafield>
  <datafield tag="650" ind1=" " ind2=" ">
    <subfield code="a">Capital budgeting decisions</subfield>
    <subfield code="9">208998</subfield>
  </datafield>
  <datafield tag="650" ind1=" " ind2=" ">
    <subfield code="a">Cost of capital and financing decision</subfield>
    <subfield code="9">208999</subfield>
  </datafield>
  <datafield tag="650" ind1=" " ind2=" ">
    <subfield code="a">Divided decision</subfield>
    <subfield code="9">209000</subfield>
  </datafield>
  <datafield tag="942" ind1=" " ind2=" ">
    <subfield code="2">ddc</subfield>
    <subfield code="c">BK</subfield>
    <subfield code="e">1st</subfield>
    <subfield code="k">658.15 RUSR</subfield>
  </datafield>
  <datafield tag="999" ind1=" " ind2=" ">
    <subfield code="c">234255</subfield>
    <subfield code="d">234255</subfield>
  </datafield>
  <datafield tag="952" ind1=" " ind2=" ">
    <subfield code="0">0</subfield>
    <subfield code="1">0</subfield>
    <subfield code="2">ddc</subfield>
    <subfield code="4">0</subfield>
    <subfield code="7">0</subfield>
    <subfield code="8">MBA</subfield>
    <subfield code="a">AIMIT</subfield>
    <subfield code="b">AIMIT</subfield>
    <subfield code="c">FM</subfield>
    <subfield code="d">2025-03-14</subfield>
    <subfield code="e">Biblios Book Point</subfield>
    <subfield code="g">450.00</subfield>
    <subfield code="i">Bill.no:7467; Bill.dt:2025/03/11</subfield>
    <subfield code="l">0</subfield>
    <subfield code="o">658.15 RUSR</subfield>
    <subfield code="p">MBA15000</subfield>
    <subfield code="r">2026-05-23 00:00:00</subfield>
    <subfield code="v">351.00</subfield>
    <subfield code="w">2025-04-28</subfield>
    <subfield code="y">BK</subfield>
  </datafield>
  <datafield tag="952" ind1=" " ind2=" ">
    <subfield code="0">0</subfield>
    <subfield code="1">0</subfield>
    <subfield code="2">ddc</subfield>
    <subfield code="4">0</subfield>
    <subfield code="7">0</subfield>
    <subfield code="8">MBA</subfield>
    <subfield code="a">AIMIT</subfield>
    <subfield code="b">AIMIT</subfield>
    <subfield code="c">FM</subfield>
    <subfield code="d">2025-03-14</subfield>
    <subfield code="e">Biblios Book Point</subfield>
    <subfield code="g">450.00</subfield>
    <subfield code="i">Bill.no:7467; Bill.dt:2025/03/11</subfield>
    <subfield code="l">0</subfield>
    <subfield code="o">658.15 RUSR</subfield>
    <subfield code="p">MBA15001</subfield>
    <subfield code="r">2026-05-23 00:00:00</subfield>
    <subfield code="v">351.00</subfield>
    <subfield code="w">2025-04-28</subfield>
    <subfield code="y">BK</subfield>
  </datafield>
</record>
